000 02824 a2200349 4500
005 20090424160828.0
008 090424t xxu||||| |||| 00| 0 eng d
010 _aENG-86993 B-309684-692
020 _a8123750538
_c150.00
035 _aEN-70526 B-309684-692
037 _bD. B. Act. / pub North India Publishers
040 _adpl
_bEnglish
082 _a921
100 _aChakravartty, Gargi
245 _aP. C. Joshi, biography
_cby Gargi Chakravartty
260 _aNew Delhi
_bNational Book Trust
_c2007
270 _aA-5, Green Park,
_bNew Delhi
_e110 0016
300 _axi, 119 p.
_bphotos
_c21 cm. (Hb)
490 _aNational Biography Series
942 _adpl
_cEN
_k921 / CHA
_2ddc
_h921
_mJOS
999 _c5655
_d5655